Personnel audit in financial institutions in Slovak Republic

Špecifiká personálneho auditu vo finančných inštitúciách v SR.

Guardado en:
Detalles Bibliográficos
Autor principal: Szarková, Miroslava, 1951-
Otros Autores: Andrejčák, Martin
Formato: Capítulo de libro
Lenguaje:eslovaco
Materias:
Etiquetas: Agregar Etiqueta
Sin Etiquetas, Sea el primero en etiquetar este registro!

MARC

LEADER 00000naa$a2200000$$$4500
001 0180808
005 20240502083424.7
041 0 |a slo 
044 |a CZ 
245 1 0 |a Personnel audit in financial institutions in Slovak Republic  |c Miroslava Szarková, Martin Andrejčák 
520 |a Špecifiká personálneho auditu vo finančných inštitúciách v SR. 
610 2 0 |a audit personálny 
610 2 0 |a audit externý 
610 2 0 |a banky 
610 2 0 |a poisťovne 
610 2 0 |a Slovensko 
100 1 |a Szarková, Miroslava, 1951- 
700 1 |a Andrejčák, Martin